Business Communication Today / (Record no. 26536)

000 -LEADER
fixed length control field 00627 a2200193 4500
008 - FIXED-LENGTH DATA ELEMENTS--GENERAL INFORMATION
fixed length control field 230628b ||||| |||| 00| 0 eng d
020 ## - INTERNATIONAL STANDARD BOOK NUMBER
International Standard Book Number 9789354495106
Terms of availability Rs.825.00
041 0# - LANGUAGE CODE
Language code of text/sound track or separate title eng
082 00 - DEWEY DECIMAL CLASSIFICATION NUMBER
Classification number 658.45
Item number B783
100 ## - MAIN ENTRY--PERSONAL NAME
Personal name Bovee, Courtland L.
9 (RLIN) 5264
245 ## - TITLE STATEMENT
Title Business Communication Today /
250 ## - EDITION STATEMENT
Edition statement 15th ed.
260 ## - PUBLICATION, DISTRIBUTION, ETC. (IMPRINT)
Place of publication, distribution, etc Noida :
Name of publisher, distributor, etc Pearson india education services pvt. ltd.,
Date of publication, distribution, etc 2023.
300 ## - PHYSICAL DESCRIPTION
Extent xiv, 713 p. :
Other physical details ill. ;
Dimensions 25 cm.
650 #0 - SUBJECT ADDED ENTRY--TOPICAL TERM
Topical term or geographic name as entry element Business Communication
700 ## - ADDED ENTRY--PERSONAL NAME
9 (RLIN) 5265
Personal name Thill, John V.
9 (RLIN) 5266
Personal name Raina, R. L.
942 ## - ADDED ENTRY ELEMENTS (KOHA)
Source of classification or shelving scheme
Item type Books
Holdings
Withdrawn status Lost status Source of classification or shelving scheme Damaged status Not for loan Permanent location Current location Shelving location Date acquired Source of acquisition Cost, normal purchase price Full call number Barcode Date last seen Cost, replacement price Koha item type Total Checkouts Date last borrowed
          IMU Kolkata IMU Kolkata Reference 2023-06-28 5 618.75 658.45 B783 14193 2023-06-28 825.00 Books    
          IMU Kolkata IMU Kolkata   2023-06-28 5 618.75 658.45 B783 14194 2025-12-19 825.00 Books 2 2025-12-05
          IMU Kolkata IMU Kolkata   2023-06-28 5 618.75 658.45 B783 14195 2025-10-07 825.00 Books 2 2025-07-14
Designed and Maintained by IMU-KC Library, Kolkata Campus © Copyright All Rights Reserved

webs counters

Powered by Koha